[Event "Open"]
[Site "Teplice CZE"]
[Date "2009.06.21"]
[Round "9"]
[White "Bazantova,M"]
[Black "Rubes,J"]
[Result "1/2-1/2"]
[WhiteElo "2040"]
[BlackElo "1932"]

1.e4 c5 2.c3 Nf6 3.e5 Nd5 4.d4 cxd4 5.cxd4 e6 6.Nc3 Nxc3 7.bxc3 Qc7 8.Bd2 d6
9.f4 Bd7 10.Nf3 d5 11.Bd3 Nc6 12.O-O Be7 13.Rb1 Na5 14.Qe2 a6 15.Be1 b5 16.Nd2 g6
17.Nb3 Nc4 18.Bf2 Nb6 19.Rfc1 Na4 20.Be1 Rc8 21.Qf3 f5 22.exf6 Bxf6 23.Qe3 O-O
24.Be2 Bg7 25.g3 Qa7 26.Bf2 Qc7 27.Be1 Rf7 28.Rc2 Qa7 29.Rbc1 Rcf8 30.Bf2 g5
31.Bh5 Rf5 32.fxg5 e5 33.dxe5 Qb8 34.Nc5 Nxc5 35.Qxc5 Rxe5 36.Bd4 Rxg5 37.Bxg7 Kxg7
38.Qe7+ Kh6 39.Qxd7 Rxh5 40.Qc6+ Kg7 41.Qd7+ Rf7 42.Qg4+ Kh6 43.Re2 Qb6+
44.Kg2 Rf6 45.Rce1 Rg5 46.Qh3+ Kg6 47.Qd7 Rgf5  1/2-1/2

[Event "zt 2.3"]
[Site "San Jose CRC"]
[Date "2009.06.23"]
[Round "8"]
[White "Ossa,O"]
[Black "Soto Paez,O"]
[Result "0-1"]
[WhiteElo "2301"]
[BlackElo "2388"]

1.e4 c5 2.c3 Nf6 3.e5 Nd5 4.Nf3 Nc6 5.Bc4 Nb6 6.Bb3 g6 7.Qe2 Bg7 8.a4 d5
9.a5 Nd7 10.d4 c4 11.Ba4 Ndb8 12.Nbd2 O-O 13.b3 cxb3 14.a6 b6 15.Bb5 f6 16.exf6 exf6
17.O-O Na5 18.Re1 Bd7 19.Ba3 Rf7 20.Rab1 Nbc6 21.c4 Bf5 22.Rxb3 dxc4 23.Nxc4 Nxb3
24.Bxc6 Rc8 25.Be8 Bf8 26.Bxf7+ Kxf7 27.Ne3 Be6 28.d5 Bxd5 29.Rd1 Bxa3 30.Nxd5 Bf8
31.h4 Qd6 32.Qa2 Qa3 33.Qb1 Nc5 34.h5 Qb3 35.Qa1 Ne4 36.Ne3 b5 37.Qd4 Nc5
38.Nd5 Nd7 39.hxg6+ hxg6 40.Rd3 Qb1+ 41.Rd1 Rc1 42.Nc3 Rxd1+ 43.Nxd1 Ke8
44.Kh2 Bc5 45.Qd5 Qf5 46.Qc6 Qd3 47.Qe6+ Kd8 48.Ne3 Qd6+ 49.Qxd6 Bxd6+ 50.Kg1 Kc7  0-1

[Event "Municipality Cup"]
[Site "Tbilisi GEO"]
[Date "2009.06.23"]
[Round "9"]
[White "Lortkipanidze,N"]
[Black "Tsereteli,T"]
[Result "0-1"]
[WhiteElo "2223"]
[BlackElo "2365"]

1.e4 c5 2.c3 Nf6 3.e5 Nd5 4.d4 cxd4 5.Qxd4 e6 6.Nf3 Nc6 7.Qe4 Qc7 8.g3 b6
9.Bg2 Bb7 10.O-O d6 11.c4 Ndb4 12.exd6 Bxd6 13.Qe2 Ne5 14.Nxe5 Bxg2 15.Nxf7 Bxf1
16.Qxe6+ Qe7 17.Nxd6+ Kf8 18.Qf5+ Qf6 19.Qe4 Rd8 20.Bf4 Bd3 21.Qe3 Rxd6 22.Bxd6+ Qxd6
23.Nc3 Nc2 24.Qf3+ Qf6 25.Qa8+ Kf7 26.Qb7+ Qe7 27.Qd5+ Qe6 28.Qb7+ Qe7 29.Qf3+ Qf6
30.Qd5+ Qe6 31.Qxd3 Nxa1 32.Ne4 h6 33.f3 Rf8 34.b4 Kg8 35.Kg2 b5 36.c5 Qxa2+
37.Kh3 Qc4  0-1

[Event "Open"]
[Site "Albena BUL"]
[Date "2009.06.24"]
[Round "5"]
[White "Delgado Vlaic,A"]
[Black "Baciu,D"]
[Result "0-1"]
[WhiteElo "1771"]
[BlackElo "2139"]

1.e4 c5 2.c3 Nf6 3.e5 Nd5 4.d4 cxd4 5.Nf3 e6 6.cxd4 d6 7.exd6 Bxd6 8.Bc4 Nc6
9.O-O O-O 10.Nc3 Nxc3 11.bxc3 Qc7 12.Bd3 Ne7 13.c4 Ng6 14.Bb2 b6 15.Be4 Bb7
16.Bxb7 Qxb7 17.Re1 Rac8 18.Qb3 Rfd8 19.Rad1 Qc7 20.Rc1 Qb8 21.g3 h6 22.Nd2 e5
23.d5 Be7 24.h4 f6 25.Qf3 Nf8 26.h5 Nd7 27.Ne4 Bf8 28.Qf5 Kh8 29.Kh1 b5 30.f4 bxc4
31.Ba1 Qb7 32.Red1 Nb6 33.fxe5 Rxd5 34.Kh2 Rcd8 35.Rf1 Nd7 36.Qg6 Nxe5 37.Bxe5 Rxe5
38.Nxf6 Rd2+ 39.Kh3 Qg2+ 40.Kh4 gxf6 41.Rxf6 Rd4+ 42.Rf4 Rxf4+ 43.gxf4 Be7+  0-1

[Event "Open Duras BVK FIDE"]
[Site "Brno CZE"]
[Date "2009.06.27"]
[Round "2"]
[White "Krupica,P"]
[Black "Snorek,M"]
[Result "0-1"]
[WhiteElo "1955"]
[BlackElo "2155"]

1.e4 c5 2.c3 Nf6 3.e5 Nd5 4.d4 cxd4 5.cxd4 Nc6 6.Nf3 d6 7.Bc4 dxe5 8.dxe5 e6
9.O-O Be7 10.Bd2 Ncb4 11.a3 Na6 12.Nc3 Nxc3 13.Bxc3 Bd7 14.Qe2 Nc5 15.Rfd1 a6
16.Rd2 Qc7 17.Rad1 Bc6 18.Bd4 O-O 19.Bxc5 Bxc5 20.Ng5 h6 21.Nf3 Bxf3 22.gxf3 Rad8
23.Qe4 Rxd2 24.Rxd2 Rd8 25.Bd3 g6 26.Rc2 Qe7 27.b4 Ba7 28.f4 Kg7 29.Qf3 Rd4
30.Be4 Qh4 31.Re2 b5 32.Kg2 Qd8 33.Rc2 Rd1 34.Qc3 Rd4 35.Qf3 a5 36.bxa5 Qxa5
37.h4 Qa4 38.Re2 h5 39.Bc2 Qc4 40.Bb3 Qc1 41.Bxe6 fxe6 42.Qb7+ Kh6 43.Qa8 Qc7
44.Rc2 Rd8 45.Qe4 Qd7 46.f5 Qd5 47.Qxd5 Rxd5 48.fxe6 Rxe5 49.Rc7 Bc5 50.f4 Re2+
51.Kf3 Re3+ 52.Kg2 Bxa3  0-1

[Event "Open Duras BVK FIDE"]
[Site "Brno CZE"]
[Date "2009.06.27"]
[Round "2"]
[White "Zavadilova,K"]
[Black "Zitny,P"]
[Result "0-1"]
[WhiteElo "1713"]
[BlackElo "1955"]

1.e4 c5 2.c3 Nf6 3.e5 Nd5 4.d4 cxd4 5.Nf3 Nc6 6.cxd4 e6 7.Bb5 Qa5+ 8.Nc3 Nxc3
9.bxc3 Qxb5 10.a4 Qc4 11.Qd2 Be7 12.Bb2 b6 13.Qe3 Na5 14.Nd2 Qc6 15.O-O Bb7
16.f3 Nc4 17.Nxc4 Qxc4 18.Qd2 O-O 19.Rfe1 f6 20.exf6 Rxf6 21.Re5 Rg6 22.Kh1 Rf8
23.Re2 Rxf3  0-1

[Event "Open"]
[Site "Pula CRO"]
[Date "2009.06.28"]
[Round "2"]
[White "Tomazini,Z"]
[Black "Smith,Ax"]
[Result "0-1"]
[WhiteElo "2123"]
[BlackElo "2383"]

1.e4 c5 2.c3 Nf6 3.e5 Nd5 4.d4 cxd4 5.Nf3 Nc6 6.cxd4 d6 7.Bc4 dxe5 8.Nxe5 e6
9.O-O Bd6 10.Re1 O-O 11.Nxc6 bxc6 12.Nc3 Nxc3 13.bxc3 Bb7 14.Qg4 Re8 15.Rb1 Qc7
16.Bh6 Bf8 17.Re5 Kh8 18.Bf4 Bd6 19.Bd3 f6 20.Rh5 Bxf4 21.Qg6 Kg8 22.Qxh7+ Kf8
23.Bg6 Reb8 24.Qh8+ Ke7 25.Qxg7+ Kd6 26.Qxf6 Rf8 27.Qh4 Rad8 28.c4 Qc8 29.g3 Kc7
30.Rh7+ Rd7 31.gxf4 Rg8 32.Rxd7+ Qxd7 33.Qg5 Qg7 34.f5 exf5 35.Qf4+ Kc8 36.Qxf5+ Kb8
37.Qf4+ Ka8 38.Rb3 Qxg6+ 39.Rg3 Qb1+ 40.Kg2 Re8 41.Rg7 a6 42.Qf7 Qe4+ 43.Kg3 Rb8
44.Rg4 Qd3+ 45.f3 Qb1 46.Kf4 Qxa2 47.h4 Qd2+ 48.Ke5 c5 49.d5 Qc3+ 50.Kd6 Rd8+
51.Ke7 Qh8 52.h5 Bc8 53.Qg7 Rd7+ 54.Kf6 Qd8+ 55.Kg6 Rxg7+ 56.Kxg7 Bxg4 57.fxg4 Qg5+
58.Kh7 Kb8 59.h6 Kc8  0-1

[Event "ZMD Open"]
[Site "Dresden GER"]
[Date "2009.07.02"]
[Round "9"]
[White "Mueller,Mart1"]
[Black "Duenzel,J"]
[Result "1/2-1/2"]
[WhiteElo "2093"]
[BlackElo "1971"]

1.e4 c5 2.c3 Nf6 3.e5 Nd5 4.Nf3 Nc6 5.Bc4 Nb6 6.Bb3 d6 7.exd6 Qxd6 8.O-O e6
9.Na3 a6 10.d4 cxd4 11.cxd4 Be7 12.Be3 O-O 13.Qe2 Bf6  1/2-1/2

[Event "8th Open"]
[Site "La Fere FRA"]
[Date "2009.07.04"]
[Round "1"]
[White "Lucas,B"]
[Black "Louis,A"]
[Result "0-1"]
[WhiteElo "1709"]
[BlackElo "1862"]

1.e4 c5 2.c3 Nf6 3.e5 Nd5 4.d4 e6 5.Nf3 cxd4 6.cxd4 Nc6 7.Be2 Bb4+ 8.Bd2 d6
9.O-O O-O 10.Bxb4 Ncxb4 11.a3 Nc6 12.Qd2 dxe5 13.dxe5 Na5 14.Qg5 Qxg5 15.Nxg5 Nb3
16.Ra2 Nd4 17.b4 Bd7 18.Rd1 Nxe2+ 19.Rxe2 Rac8 20.Nf3 Ba4 21.Rc1 Rc7 22.h3 Rfc8
23.Kh2 Nf4 24.Re3 Nd5 25.Re4 Bc2 26.Rd4 Bxb1 27.Rxb1 Rc3 28.a4 Rc2 29.Rd2 h6
30.b5 b6 31.Ra1 Rxd2 32.Nxd2 Nb4 33.Nf3 Nd3 34.a5 Rc5 35.axb6 axb6 36.Ra8+ Kh7
37.Ra7 Nxe5 38.Nxe5 Rxe5 39.Rxf7 Rxb5 40.Rb7 Rb2 41.f3 Kg6 42.Kg3 b5 43.Rb6 Kf6
44.h4 b4 45.f4 h5 46.Rb5 g6 47.Kh3 b3 48.Kg3 Rb1 49.Kf3 b2 50.Kg3 Ke7  0-1

[Event "37th Greek Teams"]
[Site "Kallithea GRE"]
[Date "2009.07.06"]
[Round "6"]
[White "Habesis,P"]
[Black "Galopoulos,P"]
[Result "0-1"]
[WhiteElo "1740"]
[BlackElo "2161"]

1.e4 c5 2.c3 Nf6 3.e5 Nd5 4.d4 cxd4 5.Nf3 Nc6 6.cxd4 d6 7.exd6 Qxd6 8.Nc3 e6
9.Be2 Be7 10.O-O O-O 11.Be3 a6 12.Qb3 Rd8 13.Nxd5 Qxd5 14.Qxd5 Rxd5 15.Bc4 Rd8
16.a3 b5 17.Be2 Bb7 18.b4 Bf6 19.Rfd1 Rd5 20.Rac1 Rad8 21.h3 h6 22.Rc2 e5
23.Rdc1 exd4 24.Nxd4 Nxd4  0-1

[Event "19th Heart of Finland Open"]
[Site "Jyvaskyla FIN"]
[Date "2009.07.07"]
[Round "1"]
[White "Seppala,A"]
[Black "Michielsen,J"]
[Result "0-1"]
[WhiteElo "1940"]
[BlackElo "2359"]

1.e4 c5 2.c3 Nf6 3.e5 Nd5 4.d4 e6 5.Nf3 cxd4 6.cxd4 d6 7.Bc4 Nb6 8.Bd3 Nc6
9.O-O Nb4 10.Bb5+ Bd7 11.Bxd7+ Qxd7 12.Nc3 Be7 13.a3 Nc6 14.Qe2 O-O 15.Rd1 Rac8
16.Qe4 d5 17.Qg4 f5 18.Qh5 Na5 19.Rd3 Nb3 20.Rb1 Nxc1 21.Rxc1 Na4 22.Rc2 Rc6
23.Ne1 Rfc8 24.Qf3 Qc7 25.Nxd5 exd5 26.Qxd5+ Kh8 27.Rxc6 bxc6 28.Qb3 Nb6
29.Qf7 Rf8 30.Qh5 g6 31.Qh6 Rf7 32.Rh3 Rg7 33.Nd3 Nd5 34.Nf4 Nxf4 35.Qxf4 Qd8
36.Qd2 Bc5 37.Rd3 Bb6 38.d5 cxd5 39.Rxd5 Qe8 40.g3 Re7 41.Qc3 Rc7 42.Qd2 Rc6
43.Qh6 Kg8 44.Qd2 Qc8 45.Rd7 Rc1+ 46.Kg2 Qc6+ 47.Kh3 Rc2 48.Qb4 Qf3 49.Qh4 Qg4+
50.Qxg4 fxg4+ 51.Kxg4 Rxf2 52.b4 Be3 53.h4 h5+ 54.Kh3 Rd2 55.Re7 Rd3 56.e6 Bf4
57.Kg2 Rxg3+ 58.Kf2 Rxa3 59.Ke2 Bg3 60.Rh7 Ra6  0-1

[Event "37th Greek Teams"]
[Site "Kallithea GRE"]
[Date "2009.07.07"]
[Round "7"]
[White "Kalaitzoglou,P"]
[Black "Goumas,G"]
[Result "1-0"]
[WhiteElo "2199"]
[BlackElo "2315"]

1.e4 c5 2.c3 Nf6 3.e5 Nd5 4.d4 e6 5.Nf3 cxd4 6.cxd4 d6 7.Bc4 Nc6 8.O-O Be7
9.Qe2 O-O 10.Qe4 dxe5 11.dxe5 f5 12.exf6 Rxf6 13.Bg5 Rf5 14.Bxe7 Qxe7 15.Nc3 Qf7
16.Rfe1 Bd7 17.Rad1 Nxc3 18.bxc3 Re8 19.Rxd7 Qxd7 20.Qxf5  1-0

[Event "8th Open"]
[Site "La Fere FRA"]
[Date "2009.07.08"]
[Round "6"]
[White "Venkatesh,M"]
[Black "Videnova,I"]
[Result "0-1"]
[WhiteElo "2426"]
[BlackElo "2197"]

1.e4 c5 2.c3 Nf6 3.e5 Nd5 4.d4 cxd4 5.Nf3 e6 6.cxd4 d6 7.Bc4 Be7 8.O-O Nc6
9.exd6 Bxd6 10.Nc3 O-O 11.Re1 Bf4 12.Bd3 Nxc3 13.bxc3 Bxc1 14.Qxc1 b6 15.Qf4 g6
16.Re3 Kg7 17.Be4 Bb7 18.Ne5 Rc8 19.Rh3 h5 20.Qg3 Nxd4 21.cxd4 Bxe4 22.Qe3 Bb7
23.Rg3 Qd5 24.h3 Qe4 25.Qg5 Qxd4 26.Re1 Rc5 27.Rge3 Rfc8 28.Kh2 a5 29.R1e2 b5
30.f4 R8c7 31.f5 exf5 32.Nxg6 Qf6 33.Qxf6+ Kxf6 34.Nf4 h4 35.g3 hxg3+ 36.Kxg3 Rc3
37.h4 b4 38.h5 Rxe3+ 39.Rxe3 Rc3 40.Rxc3 bxc3 41.Ne2 c2 42.Kf4 Be4 43.Nc1 Kg7  0-1

[Event "Summer Candidates"]
[Site "Aarhus DEN"]
[Date "2009.07.09"]
[Round "2"]
[White "Nielsen,LA"]
[Black "Fredericia,L"]
[Result "0-1"]
[WhiteElo "2233"]
[BlackElo "2090"]

1.e4 c5 2.c3 Nf6 3.Bd3 Nc6 4.f4 e5 5.Bc2 d5 6.d4 cxd4 7.cxd4 Bg4 8.Ne2 Nxd4
9.fxe5 Bc5 10.exf6 Bxe2 11.fxg7 Rg8 12.Ba4+ b5 13.Bxb5+ Bxb5 14.Nc3 Rxg7
15.Be3 Rxg2 16.Bf2 Rxf2 17.Kxf2 Ne2+ 18.Ke1 Nxc3 19.Qh5 Qf6 20.Qf5 Qh4+ 21.Kd2 Nxe4+
22.Kc2 Qf2+ 23.Qxf2 Bxf2 24.a4 Rc8+ 25.Kb3 Be2 26.a5 Rc5 27.Ra4 Bf3 28.Rf1 Nd2+  0-1

[Event "Euskal Xake Eskola"]
[Site "Donostia ESP"]
[Date "2009.07.09"]
[Round "3"]
[White "Michna,C"]
[Black "Franco Alonso,A"]
[Result "1/2-1/2"]
[WhiteElo "2224"]
[BlackElo "2480"]

1.e4 c5 2.c3 Nf6 3.e5 Nd5 4.d4 cxd4 5.Nf3 e6 6.cxd4 d6 7.Bc4 Nc6 8.O-O Be7
9.Qe2 O-O 10.Qe4 Bd7 11.Rd1 Rc8 12.Bb3 Kh8 13.Nc3 Nxc3 14.bxc3 d5 15.Qd3 f5
16.exf6 gxf6 17.Bh6 Rf7 18.c4 dxc4 19.Bxc4 Na5 20.Bb3 Nxb3 21.Qxb3 Qb6  1/2-1/2

[Event "37th Greek Teams"]
[Site "Kallithea GRE"]
[Date "2009.07.09"]
[Round "9"]
[White "Howell,D"]
[Black "Miroshnichenko,E"]
[Result "0-1"]
[WhiteElo "2614"]
[BlackElo "2696"]

1.e4 c5 2.c3 Nf6 3.e5 Nd5 4.Nf3 d6 5.Bc4 Nb6 6.Bb3 d5 7.d4 cxd4 8.Nxd4 Nc6
9.Bf4 Nxd4 10.Qxd4 e6 11.h4 Bd7 12.h5 Rc8 13.Nd2 Bc5 14.Qd3 f5 15.Be3 O-O
16.f4 Bb5 17.Qxb5 Bxe3 18.g3 Bxd2+ 19.Kxd2 Nc4+ 20.Kc2 Rf7 21.Bxc4 a6 22.Qb4 Rxc4
23.Qb3 b5 24.Rad1 Qb6 25.Kb1 h6 26.Rd3 Rfc7 27.Rhd1 Re4 28.Qc2 a5 29.Rd4 Rc4
30.b3 Rc8 31.g4 Rxd4 32.Rxd4 Qxd4 33.cxd4 Rxc2 34.Kxc2 fxg4 35.Kd3 g6  0-1

[Event "LTC Open A"]
[Site "Leiden NED"]
[Date "2009.07.10"]
[Round "1"]
[White "Van Splunter,N"]
[Black "Van Overdam,J"]
[Result "1-0"]
[WhiteElo "2017"]
[BlackElo "2042"]

1.e4 c5 2.c3 Nf6 3.e5 Nd5 4.d4 cxd4 5.cxd4 e6 6.Nf3 b6 7.Bg5 Qc7 8.Nbd2 h6
9.Rc1 Nc6 10.Bh4 g5 11.Bg3 Qd8 12.Bc4 Bb7 13.Ne4 Bb4+ 14.Kf1 Be7 15.Bxd5 exd5
16.Nd6+ Bxd6 17.exd6 O-O 18.Ne5 Nxe5 19.Bxe5 f6 20.Qh5 Kg7 21.Bg3 Rc8 22.Rc7 Rxc7
23.dxc7 Qe8 24.Qd1 Rf7 25.h4 Re7 26.f4 gxf4 27.Qg4+ Qg6 28.Qxg6+ Kxg6 29.Bxf4 Re4
30.g3 Rxd4 31.Kf2 Rc4 32.h5+ Kf5 33.Bxh6 Rc2+ 34.Ke1 Rxb2 35.Bc1 Rc2 36.Kd1 Rxc7
37.h6 Rc8 38.Re1 Kg6 39.Re7 Bc6 40.Rg7+ Kf5 41.Bb2 Ba4+ 42.Ke1 Rh8 43.g4+ Ke4
44.g5 d4 45.gxf6 Rxh6 46.f7 Rh1+ 47.Kf2 Bb5 48.Rg1 Rh2+ 49.Kg3  1-0

[Event "Matskevich Mem GM"]
[Site "Kharkiv UKR"]
[Date "2009.07.11"]
[Round "3"]
[White "Abasov,N"]
[Black "Mischuk,D"]
[Result "1-0"]
[WhiteElo "2505"]
[BlackElo "2401"]

1.e4 c5 2.c3 Nf6 3.e5 Nd5 4.d4 cxd4 5.Nf3 Nc6 6.Bc4 Nb6 7.Bb3 d5 8.exd6 e6
9.Nxd4 Nxd4 10.Qxd4 Qxd6 11.Be3 Bd7 12.O-O Bc6 13.Nd2 e5 14.Qxd6 Bxd6 15.Rad1 Ke7
16.Rfe1 Rhd8 17.f4 Kf8 18.fxe5 Be7 19.Rf1 Nd5 20.Bd4 Kg8 21.Rf2 a5 22.a4 Rf8
23.Rdf1 Rad8 24.Nc4 Ra8 25.Ne3 Rad8 26.Nf5 Rd7 27.e6 Rc7 28.Nxe7+  1-0

[Event "6th South Wales Int"]
[Site "Treforest WLS"]
[Date "2009.07.11"]
[Round "1"]
[White "Salimbeni,G"]
[Black "Petrov,Marij"]
[Result "0-1"]
[WhiteElo "2115"]
[BlackElo "2479"]

1.e4 c5 2.c3 Nf6 3.e5 Nd5 4.d4 cxd4 5.cxd4 e6 6.Nf3 d6 7.Bc4 Nc6 8.O-O Nb6
9.Bd3 dxe5 10.dxe5 Nd7 11.Qe2 Ndxe5 12.Nxe5 Nxe5 13.Qxe5 Qxd3 14.Nc3 Qd6
15.Qg5 h6 16.Qg4 Bd7 17.Bf4 Qb4 18.Qg3 Bc6 19.Be5 h5 20.a3 Qg4 21.h3 Qxg3
22.Bxg3 Rh6 23.b4 a6 24.f3 g5 25.Rab1 g4 26.hxg4 hxg4 27.f4 Bg7 28.Rbc1 Bd4+
29.Bf2 Bxf2+ 30.Rxf2 Ke7 31.Rfc2 Rd8 32.Ne2 Rh5 33.Rc3 Rd2 34.R1c2 Rd1+ 35.Kf2 Rh2
36.Rg3 f5 37.Nc3 Rd3 38.Kg1 Rxg3 39.Kxh2 Re3 40.Kg1 g3 41.Kf1 Kf6 42.a4 Be4
43.Rc1 Bd3+ 44.Kg1 Bc2 45.Na2 Bxa4 46.Nc3 Bc6 47.Kf1 Rd3 48.Ne2 Bb5 49.Kg1 Rd2
50.Nxg3 Bc6 51.Kf1 Bxg2+ 52.Kg1 Bf3  0-1

[Event "Open"]
[Site "Condom FRA"]
[Date "2009.07.14"]
[Round "5"]
[White "Salcedo,M"]
[Black "Dubois,Em"]
[Result "1-0"]
[WhiteElo "1967"]
[BlackElo "1751"]

1.e4 c5 2.c3 Nf6 3.e5 Nd5 4.d4 cxd4 5.Nf3 Nc6 6.Bc4 Nb6 7.Bb3 d6 8.exd6 Qxd6
9.Na3 a6 10.O-O g6 11.Ng5 Nd8 12.Ne4 Qc7 13.Qxd4 Rg8 14.Be3 Nd7 15.Rfe1 Bg7
16.Qd2 Nf6 17.Ng5 Bf5 18.Bf4 Qd7 19.Qe3 e6 20.Rad1 Ng4 21.Qg3 Qc6 22.Nc4 h6
23.Nf3 g5 24.Bc7 Bf8 25.Nb6 Bc5 26.Nd4 Bxd4 27.Rxd4 Qc5 28.Bxd8 Rxd8 29.Rxd8+ Kxd8
30.Qb8+ Ke7 31.Qxb7+ Ke8 32.Ba4+  1-0

[Event "ch-SCO"]
[Site "Edinburgh SCO"]
[Date "2009.07.14"]
[Round "4"]
[White "Shaw,J"]
[Black "Sreeves,C"]
[Result "1/2-1/2"]
[WhiteElo "2462"]
[BlackElo "2011"]

1.e4 c5 2.c3 Nf6 3.e5 Nd5 4.Nf3 Nc6 5.d4 cxd4 6.cxd4 d6 7.Bc4 Nb6 8.Bb5 dxe5
9.Nxe5 Bd7 10.Nxd7 Qxd7 11.Nc3 Rd8 12.O-O e6 13.a4 Nd5 14.Nxd5 Qxd5 15.Qg4 h5
16.Qe2 Be7 17.Be3 h4 18.h3 O-O 19.Rfd1 Bf6 20.Bc4 Qf5 21.Bd3 Qd5 22.Qg4 Nxd4
23.Bxd4 Bxd4 24.Qxh4 g6 25.Be4 Qe5 26.Bxb7 Bxb2 27.Rxd8 Bxa1 28.Rxf8+ Kxf8
29.Qe4 Qxe4 30.Bxe4  1/2-1/2

[Event "6th South Wales Int"]
[Site "Treforest WLS"]
[Date "2009.07.14"]
[Round "5"]
[White "Salimbeni,G"]
[Black "Gibson,Ch"]
[Result "1-0"]
[WhiteElo "2115"]
[BlackElo "1991"]

1.e4 c5 2.c3 Nf6 3.e5 Nd5 4.d4 cxd4 5.Nf3 e6 6.cxd4 d6 7.Bc4 Nc6 8.O-O Be7
9.Qe2 O-O 10.a3 Nb6 11.Bd3 d5 12.Nc3 f5 13.exf6 gxf6 14.Bh6 Rf7 15.Nh4 f5
16.Nf3 Nd7 17.Bb5 Bf8 18.Bxf8 Nxf8 19.Bxc6 bxc6 20.Ne5 Rg7 21.Na4 Qh4 22.f4 Nd7
23.Nxd7 Bxd7 24.Nc5 Re8 25.Rad1 Bc8 26.Rd3 Kh8 27.Qe5 h6 28.Rh3 Qxh3 29.Qxg7+ Kxg7
30.gxh3 Kf6 31.Rf3 Re7 32.Rb3 Bd7 33.Kf2 Be8 34.Nd3 Rc7 35.Rc3 Ke7 36.b4 Kd6
37.Nc5 Rg7 38.Re3 Rg6 39.Nd3 Rg7 40.Ne5 Rb7 41.Nd3 Rc7 42.Rg3 Re7 43.Rg8 Kc7
44.Rh8 h5 45.Rg8 Kb6 46.Kg3 Kb5 47.Nb2 a5 48.bxa5 Kxa5 49.Kh4 Kb5 50.Kg5 c5
51.Kf6 Rc7 52.Rxe8 cxd4 53.Kxe6 Rc3 54.Kxd5 Rf3 55.Rb8+ Ka6 56.Kxd4 Rxf4+
57.Ke5 Rf3 58.h4 Rh3 59.Kf4 Rxh4+ 60.Kg3 Rg4+ 61.Kh3 Rd4 62.Rb3  1-0

[Event "6th South Wales Int"]
[Site "Treforest WLS"]
[Date "2009.07.14"]
[Round "5"]
[White "Goodger,M"]
[Black "Adebajo,O"]
[Result "1-0"]
[WhiteElo "2158"]
[BlackElo "2002"]

1.e4 c5 2.c3 Nf6 3.e5 Nd5 4.Bc4 Qc7 5.Nf3 Nb6 6.Be2 Nc6 7.d4 e6 8.O-O cxd4
9.cxd4 Be7 10.Nc3 O-O 11.Qd3 Nb4 12.Qe4 N4d5 13.Bd3 g6 14.Nb5 Qd8 15.Bh6 f5
16.exf6 Nxf6 17.Qe2 Nbd5 18.Bxf8 Bxf8 19.Qd2 Nh5 20.Nc3 Ndf4 21.Be4 d5 22.Bd3 Bh6
23.Qc2 Bd7 24.Ne5 Be8 25.g3 Nxd3 26.Qxd3 a6 27.Rfe1 Bg7 28.Re2 b5 29.a3 Rc8
30.Rae1 Bxe5 31.Rxe5 Bf7 32.Rxe6 Bxe6 33.Rxe6 Qg5 34.Qe3 Qf5 35.Re5 Qc2 36.Rxd5 Ng7
37.Ne4 Qc1+ 38.Qxc1 Rxc1+ 39.Kg2 Nf5 40.g4 Ne7 41.Rd7 Kf7 42.d5 Kf8 43.d6  1-0

[Event "ch-SUI"]
[Site "Graechen SUI"]
[Date "2009.07.15"]
[Round "7"]
[White "Zimmermann,Pe"]
[Black "Simon,Ra"]
[Result "0-1"]
[WhiteElo "2280"]
[BlackElo "2165"]

1.e4 c5 2.c3 Nf6 3.e5 Nd5 4.d4 cxd4 5.Nf3 Nc6 6.cxd4 d6 7.Bc4 Nb6 8.Bb5 dxe5
9.Nxe5 Bd7 10.Nxd7 Qxd7 11.Nc3 Rd8 12.O-O e6 13.Qg4 h5 14.Qg3 h4 15.Qg4 h3
16.Bg5 Be7 17.Rad1 hxg2 18.Rfe1 Bxg5 19.Qxg5 Qd6 20.Qe5 Qxe5 21.dxe5 Ke7
22.Bxc6 bxc6 23.Rc1 Rh5 24.Re2 Rdh8 25.Kxg2 Rxh2+ 26.Kf3 R2h3+ 27.Kg2 Rh2+
28.Kf3 R8h3+ 29.Ke4 Nd7 30.f4 f5+  0-1

[Event "ch-SCO"]
[Site "Edinburgh SCO"]
[Date "2009.07.16"]
[Round "6"]
[White "Surtees,M"]
[Black "Campbell,E"]
[Result "1-0"]
[WhiteElo "2149"]
[BlackElo "1908"]

1.e4 c5 2.c3 Nf6 3.d3 Nc6 4.f4 d6 5.Na3 g6 6.g3 Bg7 7.Bg2 O-O 8.Ne2 Rb8 9.O-O Qc7
10.Nc2 b5 11.Ne3 b4 12.c4 Bd7 13.h3 a5 14.g4 e6 15.Bh1 a4 16.Rb1 b3 17.a3 Nd4
18.Bd2 Bc6 19.Qe1 Nxe2+ 20.Qxe2 Qb7 21.Bc3 Rfe8 22.Qf2 Rbd8 23.Qh4 Qe7 24.g5 Nh5
25.Bxg7 Kxg7 26.Rbe1 f6 27.gxf6+ Qxf6 28.Qxf6+ Kxf6 29.e5+ dxe5 30.Bxc6 Ng3
31.Kg2 Nxf1 32.Ng4+ Ke7 33.Bxe8 Nd2 34.Bxa4 exf4 35.Nf2 Ra8 36.Bc6 Rxa3 37.Rd1  1-0

[Event "ch-SCO"]
[Site "Edinburgh SCO"]
[Date "2009.07.16"]
[Round "6"]
[White "Giulian,R"]
[Black "Parks,J"]
[Result "1-0"]
[WhiteElo "2011"]
[BlackElo "1919"]

1.e4 c5 2.c3 Nf6 3.e5 Nd5 4.d4 cxd4 5.Nf3 e6 6.cxd4 b6 7.Bd3 Bb7 8.O-O d6
9.a3 Nd7 10.Qe2 dxe5 11.dxe5 Be7 12.g3 Qc7 13.Re1 a6 14.b4 Qc6 15.Nbd2 Nc3
16.Qf1 f5 17.exf6 Nxf6 18.Bb2 Na4 19.Rac1 Qd7 20.Be5 Nd5 21.Bxg7 Nf4 22.Bb1 Rg8
23.Be5 Nd5 24.Bxh7 Rg4 25.Qh3 Nf6 26.Rc7  1-0

[Event "ch-SCO"]
[Site "Edinburgh SCO"]
[Date "2009.07.17"]
[Round "7"]
[White "Oskarsson,A"]
[Black "Ingram,L"]
[Result "1/2-1/2"]
[WhiteElo "1876"]
[BlackElo "1760"]

1.e4 c5 2.c3 Nf6 3.e5 Nd5 4.d4 cxd4 5.Nf3 d6 6.cxd4 Nc6 7.Bc4 Nb6 8.Bb5 e6
9.exd6 Bxd6 10.O-O O-O  1/2-1/2

[Event "TCh Eur-Youth U18"]
[Site "Pardubice CZE"]
[Date "2009.07.17"]
[Round "2"]
[White "Zelbel,P"]
[Black "Khalafova,N"]
[Result "1-0"]
[WhiteElo "2348"]
[BlackElo "1901"]

1.e4 c5 2.c3 Nf6 3.e5 Nd5 4.d4 cxd4 5.Nf3 Nc6 6.Bc4 Nb6 7.Bb3 d5 8.exd6 Qxd6
9.O-O Be6 10.Na3 Bxb3 11.Qxb3 e6 12.Rd1 g6 13.Nb5 Qb8 14.Nfxd4 Na5 15.Qc2 a6
16.Qe2 Qc8 17.Qe5 Nd5 18.Qxh8 axb5 19.Bh6 Ke7 20.Bxf8+ Qxf8 21.Qxh7 Rc8 22.Re1 Nc7
23.Rad1 Qh8 24.Qxh8 Rxh8 25.Nb3 Nc4 26.Nc5 Nd6 27.Ne4 Nxe4 28.Rxe4 Ra8 29.a3 Ra6
30.g3 Rc6 31.a4 bxa4 32.Rxa4 Rb6 33.Rd2 Nd5 34.h4 f5 35.Ra5 Kf6 36.c4 Nb4
37.Rd7 Nc6 38.Rb5 Ra6 39.f4 b6 40.Rd6 Ra1+ 41.Kf2 Na5 42.Rbxb6 Nxc4 43.Rxe6+ Kf7
44.Rf6+ Ke7 45.Rbe6+ Kd7 46.Re2 Rb1 47.Rxg6  1-0

[Event "Najdorf Mem Open"]
[Site "Warsaw POL"]
[Date "2009.07.18"]
[Round "1"]
[White "Krainski,S"]
[Black "Brodsky,M"]
[Result "0-1"]
[WhiteElo "2152"]
[BlackElo "2522"]

1.e4 c5 2.c3 Nf6 3.e5 Nd5 4.d4 cxd4 5.cxd4 d6 6.Nf3 Nc6 7.Bc4 Nb6 8.Bb5 Bd7
9.exd6 e6 10.Nc3 Bxd6 11.O-O Ne7 12.Bd3 Ned5 13.Ne4 Qc7 14.Bg5 Bc6 15.Rc1 O-O
16.Ne5 Bxe5 17.dxe5 Qxe5 18.Re1 Kh8 19.Qh5 Nf4 20.Qxh7+ Kxh7 21.Nf6+ Kh8
22.Rxe5 Nxd3 23.Re3 gxf6 24.Bxf6+ Kh7 25.Rxd3 Rg8 26.Rh3+ Kg6 27.Be7 f6 28.Re1 e5
29.Bc5 Kf5 30.f3 Nd5 31.Rh5+ Kg6 32.Rh4 Nf4 33.Be3 Nd3 34.Re2 Rad8 35.h3 a5
36.a4 Kf7 37.Rc2 Ne1  0-1

[Event "Najdorf Mem Open"]
[Site "Warsaw POL"]
[Date "2009.07.20"]
[Round "3"]
[White "Zadlo,T"]
[Black "Gasik,An"]
[Result "1/2-1/2"]
[WhiteElo "2076"]
[BlackElo "2216"]

1.e4 c5 2.c3 Nf6 3.e5 Nd5 4.d4 cxd4 5.Nf3 e6 6.cxd4 b6 7.Bd3 Ba6 8.Bxa6 Nxa6
9.Nc3 Nxc3 10.bxc3 Be7 11.O-O O-O 12.d5 exd5 13.Qxd5 Qc7 14.Bg5 Bxg5 15.Nxg5 Qxc3
16.Rac1 Qa5 17.Qe4 g6 18.Qh4 h5 19.Ne4 Rfc8 20.Nf6+ Kg7 21.Qg5 Rxc1 22.Rxc1 Rh8
23.Ne4 Rf8 24.Nf6 Rh8 25.Nxd7 Qxa2 26.Qf6+ Kh7 27.h4 Re8 28.Qg5 Kg7 29.Nf6 Rh8
30.Ne4 Qe6 31.Qf6+ Qxf6 32.exf6+ Kh6 33.Ng5 Rb8 34.Nxf7+ Kh7 35.Ng5+ Kg8
36.Ra1 Nc5 37.Rxa7 Nb7 38.f7+ Kf8 39.Ra3 Nc5 40.Ra7 Nb7 41.Ra3 Nc5 42.Rf3 Nd7
43.Re3 b5 44.Ne4 Kxf7 45.Ng5+ Kf8 46.Ne6+ Kg8 47.Nd4 b4 48.Nb3 Rb5 49.Kf1 Kf7
50.Ke2 Nc5 51.Nxc5 Rxc5 52.Rb3 Rc4 53.g3 Ke6 54.Rd3 Ke5 55.Kd2 Rd4 56.f3 b3
57.Rxd4 Kxd4 58.g4 b2 59.Kc2 Ke3 60.Kxb2 Kxf3 61.gxh5 gxh5 62.Kc1 Kg3 63.Kd2 Kxh4
64.Ke2 Kg3 65.Kf1 Kh2 66.Kf2 h4 67.Kf1 h3 68.Kf2 Kh1 69.Kf1  1/2-1/2

[Event "Corporation Centre Cup"]
[Site "Izhevsk RUS"]
[Date "2009.07.21"]
[Round "7"]
[White "Kuznetsov,Vl5"]
[Black "Dogodkina,J"]
[Result "0-1"]
[WhiteElo "2089"]
[BlackElo "2038"]

1.e4 c5 2.c3 Nf6 3.e5 Nd5 4.d4 cxd4 5.Nf3 Nc6 6.cxd4 e6 7.a3 d6 8.Bd3 Qc7
9.O-O Be7 10.Qe2 Bd7 11.Bd2 h6 12.Nc3 Nxc3 13.bxc3 dxe5 14.dxe5 a6 15.Rfe1 Na5
16.Nd4 Rc8 17.Qg4 Kf8 18.Qf3 Kg8 19.Bf4 Qxc3 20.Ne2 Qc7 21.Ng3 g5 22.Nh5 Qd8
23.h4 Bc6 24.Qg3 Kf8 25.Rad1 Bd5 26.Bc1 Nb3 27.Bb2 Qc7 28.Bb1 Qc4 29.Nf6 gxh4
30.Qe3 Bxf6 31.exf6 Nc5 32.Rc1 Qb5 33.Bd4 b6 34.Qe5 Qc6 35.f3 Rg8 36.Be4 Rg5
37.Bxc5+ bxc5 38.Qc3 Qd6 39.Re2 Bxe4 40.Rxe4 Qg3 41.Rc2 Rd8 42.Qe1 Qxf3  0-1

[Event "TCh Eur-Youth U18"]
[Site "Pardubice CZE"]
[Date "2009.07.21"]
[Round "6"]
[White "Zelbel,P"]
[Black "Petrisor,A"]
[Result "0-1"]
[WhiteElo "2348"]
[BlackElo "2322"]

1.e4 c5 2.c3 Nf6 3.e5 Nd5 4.Nf3 e6 5.d4 cxd4 6.cxd4 d6 7.Bc4 Nc6 8.O-O Be7
9.exd6 Qxd6 10.Nc3 O-O 11.Re1 Bd7 12.g3 Nxc3 13.bxc3 Na5 14.Bf4 Qa3 15.Bd3 Qxc3
16.Ne5 Be8 17.Bd2 Qc7 18.Qb1 g6 19.Bxa5 Qxa5 20.Qxb7 Qd8 21.Be4 Rb8 22.Qxa7 Rb4
23.Rad1 Ra4 24.Qb7 Rxa2 25.d5 Bc5 26.dxe6 Qf6 27.Ng4 Bxf2+ 28.Kh1 Qxe6 29.Nh6+ Kg7
30.Bd5 Bc6 31.Qxc6 Qxc6 32.Bxc6 Bxe1 33.Nf5+ gxf5 34.Rxe1 Rd8 35.Rf1 Rdd2
36.h4 Kg6 37.Kg1 Rac2 38.Bb7 Rc3 39.Bf3 Kf6 40.Kh1 Ke5 41.Kg1 Re3 42.Kh1 f6
43.Kg1 h6 44.Kh1 Rb2 45.Kg1 Kd4 46.Rd1+ Rd3 47.Rf1 Rdb3  0-1